书目信息 |
| 题名: |
中国当代城市环境设计的美学分析与批判
|
|
| 作者: | 梁梅 著 | |
| 分册: | ||
| 出版信息: | 北京 中国建筑工业出版社 2008.01 |
|
| 页数: | 167页 | |
| 开本: | 24cm | |
| 丛书名: | 环境艺术专业博士论丛 | |
| 单 册: | ||
| 中图分类: | TU-856 | |
| 科图分类: | ||
| 主题词: | 城市环境--cheng shi huan jing--环境设计--建筑美学--中国--现代 | |
| 电子资源: | ||
| ISBN: | 978-7-112-09598-8 | |
| 000 | 01032nam 2200253 450 | |
| 001 | 012007358061 | |
| 005 | 20240508112902.38 | |
| 010 | @a978-7-112-09598-8@dCNY32.00 | |
| 100 | @a20071229d2008 km y0chiy0120 ea | |
| 101 | 0 | @achi |
| 102 | @aCN@b110000 | |
| 105 | @aa a 000yy | |
| 200 | 1 | @a中国当代城市环境设计的美学分析与批判@Azhong guo dang dai cheng shi huan jing she ji de mei xue fen xi yu pi pan@f梁梅著@Fliang mei zhu |
| 210 | @a北京@c中国建筑工业出版社@d2008.01 | |
| 215 | @a167页@c图@d24cm | |
| 225 | 2 | @a环境艺术专业博士论丛@Ahuan jing yi shu zhuan ye bo shi lun cong |
| 320 | @a有书目 (第164-167页)。 | |
| 330 | @a本书从城市的自然和人文景观、城市的个性、城市的尺度与空间及城市生态设计等方面对中国当代城市环境设计所体现的美学特征进行了分析和批判。 | |
| 410 | 0 | @12001 @a环境艺术专业博士论丛 |
| 606 | 0 | @a城市环境@Acheng shi huan jing@x环境设计@x建筑美学@y中国@z现代 |
| 690 | @aTU-856@v4 | |
| 701 | 0 | @a梁梅@Aliang mei@4著 |
| 801 | 0 | @aCN@b河南城建学院图书馆@c20071229 |
| 905 | @b274909-11@dTU-856@eL407@f3 | |
| 中国当代城市环境设计的美学分析与批判/梁梅著.-北京:中国建筑工业出版社,2008.01 |
| 167页:图;24cm.-(环境艺术专业博士论丛) |
| ISBN 978-7-112-09598-8:CNY32.00 |
| 本书从城市的自然和人文景观、城市的个性、城市的尺度与空间及城市生态设计等方面对中国当代城市环境设计所体现的美学特征进行了分析和批判。 |
| ● |
| 相关链接 |
|
|
|
正题名:中国当代城市环境设计的美学分析与批判
索取号:TU-856/L407
 
预约/预借
| 序号 | 登录号 | 条形码 | 馆藏地/架位号 | 状态 | 备注 |
| 1 | 1232012 | 212320120 | 建筑库101/101建筑库 17排4列5层/ [索取号:TU-856/L407] | 在馆 | |
| 2 | 1232013 | 212320139 | 建筑库101/101建筑库 17排4列5层/ [索取号:TU-856/L407] | 在馆 | |
| 3 | 1232014 | 212320148 | 建筑库101/101建筑库 17排4列5层/ [索取号:TU-856/L407] | 在馆 | |
| 4 | 1232015 | 212320157 | 建筑库101/101建筑库 17排4列5层/ [索取号:TU-856/L407] | 在馆 | |
| 5 | 1232016 | 212320166 | 建筑库101/101建筑库 17排4列5层/ [索取号:TU-856/L407] | 在馆 | |
| 6 | 1551637 | 215516378 | 建筑库101/101建筑库 17排4列5层/ [索取号:TU-856/L407] | 在馆 | |
| 7 | 1551638 | 215516387 | 建筑库101/101建筑库 17排4列5层/ [索取号:TU-856/L407] | 在馆 | |
| 8 | 1551639 | 215516396 | 建筑库101/101建筑库 17排4列5层/ [索取号:TU-856/L407] | 在馆 | |
| 9 | 1551640 | 215516403 | 建筑库101/101建筑库 17排4列5层/ [索取号:TU-856/L407] | 在馆 | |
| 10 | 1551641 | 215516412 | 建筑库101/101建筑库 17排4列5层/ [索取号:TU-856/L407] | 在馆 | |
| 11 | 274909 | 202749099 | 建筑库101/101建筑库 17排4列5层/ [索取号:TU-856/L407] | 在馆 | |
| 12 | 274910 | 202749106 | 建筑库101/101建筑库 17排4列5层/ [索取号:TU-856/L407] | 在馆 | |
| 13 | 274911 | 202749115 | 建筑库101/101建筑库 17排4列5层/ [索取号:TU-856/L407] | 在馆 |